Two loci controlling susceptibility to radiation-induced lymphomagenesis on mouse chromosome 4 : Cdkn2a, a candidate for one locus, a novel locus distinct from Cdkn2a /

Gespeichert in:
Bibliographische Detailangaben
1. Verfasser: Mori, Nobuko.
Format: Artikel
Sprache:English
Schlagworte:
Tags: Tag hinzufügen
Keine Tags, Fügen Sie den ersten Tag hinzu!
Thư viện lưu trữ: Thư viện Trường Đại học Đà Lạt
LEADER 00904nam a2200289 4500
001 DLU110117854
005 ##20101221
040 # # |a DLU  |b eng 
041 # # |a eng 
044 # # |a us 
100 # # |a Mori, Nobuko.  
245 # # |a Two loci controlling susceptibility to radiation-induced lymphomagenesis on mouse chromosome 4 : Cdkn2a, a candidate for one locus, a novel locus distinct from Cdkn2a /  |c Nobuko Mori. 
653 # # |a Cdkn2a  
653 # # |a Chromosome 
653 # # |a Lymphomagenesy 
653 # # |a Mice 
653 # # |a Susceptibility 
773 # # |t Radiation Research  |g Vol. 173, no. 2 (February 2010), p. 158-164 
920 # # |a  Phòng Tạp chí -- Trung tâm Thông tin - Thư viện Trường Đại học Đà Lạt 
994 # # |a DLU 
900 # # |a True 
911 # # |a Trương Bảo Trâm Anh 
925 # # |a G 
926 # # |a A 
927 # # |a BB 
980 # # |a Thư viện Trường Đại học Đà Lạt